Flags of the Axis Powers - Statistics

General Stats
  • This quiz has been taken 43 times
  • The average score is 27 of 33
Answer Stats
Picture Hint Answer % Correct
Axis Member Germany
100%
Puppet State Italian Social Republic
100%
Axis Member Japan
100%
Axis Member Kingdom of Italy
100%
Co-belligerent Thailand
100%
Axis Member Bulgaria
97%
Co-belligerent Finland
97%
Puppet State French State
97%
Puppet Government Government of National Unity
97%
Axis Member Hungary
97%
Axis Member Romania
97%
Client State Albanian Kingdom
95%
Puppet State Azad Hind
95%
Puppet State Croatia
95%
Protectorate Denmark
95%
Protectorate Kingdom of Albania
95%
Collaboration Government Norway
95%
Puppet State Philippines
92%
Puppet state Provisional Government of the Republic of China
89%
Puppet state Reformed Government of the Republic of China
89%
Puppet State Reorganized National Government of the Republic of China
89%
Puppet State Serbia
89%
Puppet State Hellenic State
82%
Puppet Government Belarus
76%
Puppet State Slovakia
74%
Puppet State Luang Prabang
68%
Puppet State Burma
66%
Puppet State Vietnam
58%
Puppet state Manchukuo
55%
Protectorate Bohemia and Moravia
29%
Puppet State Kampuchea
29%
Protectorate Montenegro
24%
Puppet state Mengjiang
21%
No matching quizzes found
Score Distribution
Percent of People with Each Score
Percentile by Number Answered
Your Score History
You have not taken this quiz